=LDR 00000nam 2200000 4500 =001 INLIS000000000015374 =005 20130612110644 =008 ***********************************Ind** =035 ##$$0010-061300000015374 =041 ##$$a Ind =082 ##$$a 657.03 =090 ##$$a 657.07, PAR-a =100 ##$$a Parhadi =245 ##$$a Akuntansi Sekolah Menengah Umum untuk Kelas 3, Parhadi, Wahyu Adi =250 ##$$a Akuntansi-Studi dan Pengajaran =260 ##$$a 2003 $b Jakarta =300 ##$$a vii, 255 hlm, 21 cm =700 ##$$a Adi Wahyu =850 ##$$a NBPNMAT